Premier League Managers 400 or More Games - Sudden Death - Statistics

General Stats
  • This quiz has been taken 291 times
  • The average score is 3 of 8
Answers on the Grid
Answers color-coded by a green-red scale on the quiz's grid according to % correct below.
Alan Curbishley
Alan Pardew
Alex Ferguson
Arsène Wenger
Brendan Rodgers
Claudio Ranieri
David Moyes
Eddie Howe
George Graham
Glenn Hoddle
Harry Redknapp
Joe Kinnear
José Mourinho
Jürgen Klopp
Kenny Dalglish
Kevin Keegan
Manuel Pellegrini
Marco Silva
Mark Hughes
Martin O'Neill
Mauricio Pochettino
Mikel Arteta
Nuno Espírito Santo
Pep Guardiola
Rafael Benítez
Roberto Martínez
Roy Hodgson
Sam Allardyce
Sean Dyche
Steve Bruce
Steve McClaren
Tony Pulis
 
Answer Stats
Answer % Correct
Alex Ferguson
91%
Arsène Wenger
86%
David Moyes
58%
Harry Redknapp
31%
Sam Allardyce
26%
Roy Hodgson
24%
Steve Bruce
13%
Mark Hughes
8%
No matching quizzes found
Score Distribution
Percent of People with Each Score
Percentile by Number Answered
Your Score History
You have not taken this quiz